000 00372 a2200169 4500
001 73366
020 _a8526251599
040 _cAnchieta - Colégio São Paulo
100 _aPorto, Dinorah Polleto
240 1 0 _aCiências
_lpor
245 1 0 _aCiências
300 _a271
362 0 _a2004
440 1 _aScipione
650 4 _aCiência da vida - Biologia
942 _cBK
999 _c73366
_d73366